The 10 conversations you must have before you get married (and how to have them) (Registro nro. 23407)

Detalles MARC
000 -Cabecera
Campo de control interno 00474nam a2200181Ia 4500
005 - Fecha y hora del registro
control field 20260414150935.0
008 - Elementos de Longitud Fija
fixed length control field 260414t2007||||xx |||||||||||||| ||spa||
041 ## - Idioma
Codigo Idioma ESP
082 ## - DEWEY y NOTACIÓN INTERNA
Dewey 646.77
Notación Interna G79
100 ## - AUTOR
Autor denominación Grenier, Guy,
Término de relación autor
245 #4 - TÍTULO DE MATERIAL BIBLIOGRÁFICO
Título The 10 conversations you must have before you get married (and how to have them)
Título paralelo
260 ## - CIUDAD, EDITORIAL, AÑO
Año 2007
300 ## - DESCRIPCIÓN
N° Páginas 351 páginas :
Dimensiones 22 cm.
650 ## - TEMAS
Temas Generalidades
654 ## - PROGRAMAS
Programa Dpto. de Humanidades
942 ## - ELEMENTOS DE KOHA
Tipo de documento Libro
Nombre del creador Justo Noguera
Código de catalogador Justo Noguera
Esquema de clasificación Dewey Decimal Classification
Suppress in OPAC
Existencias
Codigo completo Registro Colección Copia número Disponibilidad Tipo de préstamo Biblioteca Actual Procedencia (Biblioteca) Ubicacón Fecha Ingreso Tipo de Adquisición Date last seen Total checkouts Price effective from Tipo de Item Estado del Material Damaged status Withdrawn status
646.77 G79 1082520 Universidad Católica San Pablo 1 Disponible Disponible Víctor Andrés Belaunde Víctor Andrés Belaunde Segundo piso 14/04/2026 Donación 14/04/2026   14/04/2026 Libro Bueno